Central Library OPAC University of Rajshahi

Introduction to the study of the Holy Quran / (Record no. 32966)

MARC details
000 -LEADER
fixed length control field 00975cam a22002771 4500
001 - CONTROL NUMBER
control field 32966
003 - CONTROL NUMBER IDENTIFIER
rucl marc code BD-RjUL
005 - DATE AND TIME OF LATEST TRANSACTION
control field 20211209051926.0
008 - FIXED-LENGTH DATA ELEMENTS--GENERAL INFORMATION
fixed length control field 140429t1949 enk 001 0 eng d
035 ## - SYSTEM CONTROL NUMBER
System control number (BD-RjUL)
System control number (BD-RjUL)33056
040 ## - CATALOGING SOURCE
Original cataloging agency DLC
Transcribing agency OAk
Modifying agency DLC
-- BD-RjUL
Language of cataloging eng
041 1# - LANGUAGE CODE
Language code of text/sound track or separate title engurd
082 04 - DEWEY DECIMAL CLASSIFICATION NUMBER
Classification number 297
Author mark and year AHI 1949
100 1# - MAIN ENTRY--PERSONAL NAME
Personal name Aḥmad, Bashīruddīn Maḥmūd,
Dates associated with a name 1889-1965.
9 (RLIN) 100194
245 00 - TITLE STATEMENT
Title Introduction to the study of the Holy Quran /
Statement of responsibility, etc. by Hazrat Mirza Bashir UD-DiN mahmud Ahmad
260 ## - PUBLICATION, DISTRIBUTION, ETC. (IMPRINT)
Place of publication, distribution, etc. London,
Name of publisher, distributor, etc. London Mosque,
Date of publication, distribution, etc. 1949.
300 ## - PHYSICAL DESCRIPTION
Pagination ix, 446 p. :
Illustrations ill. ;
Size 22 cm.
500 ## - GENERAL NOTE
General note Label mounted on t.-p.: Washington, D.C., Ahmadiyya Movement in Islam.
General note "Qāḍī Muhammad Aslam ... and Sir Muhammad Ẓafrullah Khān ... rendered this general introduction from Urdu into English."
504 ## - BIBLIOGRAPHY, ETC. NOTE
Bibliography, etc Includes index.
650 #0 - SUBJECT ADDED ENTRY--TOPICAL TERM
Topical term or geographic name as entry element Ahmadiyya.
9 (RLIN) 99172
942 ## - ADDED ENTRY ELEMENTS (KOHA)
Source of classification or shelving scheme Dewey Decimal Classification
Koha item type Books
Holdings
Lost status Source of classification or shelving scheme Damaged status Not for loan Collection code Permanent Location Current Location Shelving location Date acquired Source of acquisition Cost, normal purchase price Total Checkouts Full call number Date last seen Copy number Koha item type
  Dewey Decimal Classification     Non-fiction Central Library, University of Rajshahi Central Library, University of Rajshahi   24/07/1990 shqwkat osman dhaka 0.00   297 AHI 1949 29/04/2014 C-2 Books